zpět

Detail výsledku týmu

Záložna ÚT, Pardubice

Datum a čas kvízu

37 Celkem bodů Celkový počet nahraných bodů na tomto kvízu bez doplňovacích otázek.
7. Pořadí na kvízu Konečné umístění týmu na tomto kvízu.

Zaznamenané odpovědi

# Otázka Odpověď Body Výsledky
1. Minulý týden bylo oznámeno, že... Intercamp 0
2. K čemu vybídl syn Joea Bidena... C 0
3. Legendární americký folkový zp... Paul Simon 0
4. Americký Federální úřad pro le... A 1
5. Který úspěšný plavec se stal m... David Kratochvíl 1
6. Vaším prvním úkolem v dnešním... 1C 2A 3D 4B 0
7. Poznejte (parodii na) gangster... Někdo to rád horké (Some Like It Hot) 1
8. Italští herci Carlo Pedersoli... Bud Spencer a Terence Hill 1
9. Gangster, na kterého se ptáme,... Jabba Hutt 1
10. Uveďte jméno i příjmení postav... John Wick 1